Linux administration handbook / (Record no. 105809)

MARC details
000 -CABECERA
campo de control de longitud fija 00668nam a2200217 a 4500
005 - FECHA Y HORA DE LA ÚLTIMA TRANSACCIÓN
campo de control 20210223125402.0
008 - ELEMENTOS DE LONGITUD FIJA--INFORMACIÓN GENERAL
campo de control de longitud fija 040512s2002 mx r 000 0 spa d
020 ## - NÚMERO INTERNACIONAL NORMALIZADO PARA LIBROS
Número Internacional Estándar del Libro 0130084662
035 ## - NÚMERO DE CONTROL DEL SISTEMA
Número de control de sistema UPN01000133658
049 ## - COLECCIÓN
Colección CG
050 #4 - SIGNATURA TOPOGRÁFICA DE LA BIBLIOTECA DEL CONGRESO
Número de clasificación QA76.76 O6.3
Número de documento/Ítem N4.4
100 1# - ASIENTO PRINCIPAL--NOMBRE PERSONAL
Nombre de persona Nemeth, Evi
245 10 - MENCIÓN DE TÍTULO
Título Linux administration handbook /
Mención de responsabilidad, etc. Evi Nemeth, Garth Snyder, Trent R. Hein.
260 ## - PUBLICACIÓN, DISTRIBUCIÓN, ETC.
Lugar de publicación, distribución, etc. New Jersey, EUA :
Nombre del editor, distribuidor, etc. Prentice-Hall PTR,
Fecha de publicación, distribución, etc. c2002.
300 ## - DESCRIPCIÓN FÍSICA
Extensión 890 p.
650 #4 - ASIENTO SECUNDARIO DE MATERIA - TERMINO TEMATICO
Término de materia o nombre geográfico como elemento de entrada LINUX (ARCHIVO PARA COMPUTADORA)
9 (RLIN) 12671
650 #4 - ASIENTO SECUNDARIO DE MATERIA - TERMINO TEMATICO
Término de materia o nombre geográfico como elemento de entrada SISTEMAS OPERATIVOS (COMPUTADORAS)
9 (RLIN) 5927
700 1# - ASIENTO SECUNDARIO--NOMBRE DE PERSONAL
Nombre de persona Snyder, Garth,
Término indicativo de función/relación coaut.
700 1# - ASIENTO SECUNDARIO--NOMBRE DE PERSONAL
Nombre de persona Hein, Trent R.,
Término indicativo de función/relación coaut.
905 ## - TIPO DE MATERIAL
Tipo de material Libro
Holdings
Estado de retiro Estado de pérdida Fuente del sistema de clasificación o colocación Estado dañado No para préstamo Código de colección Localización permanente Ubicación/localización actual Ubicación en estantería Total de préstamos Clasificación Código de barras Fecha visto por última vez Número de copia Tipo de ítem Koha
    Library of Congress Classification     Colección General Bib. Gregorio Torres Quintero Bib. Gregorio Torres Quintero Planta baja 2 QA76.76 O6.3 N4.4 226687 31/12/2020 1 Libro